000 00663nam a22002057a 4500
999 _c6977
_d6977
003 AR-CdUCM
008 190319b ||||| |||| 00| 0 spa d
040 _aMUNICIPALIDAD PROVINCIAL DEL CUSCO
_cBIBLIOTECA MUNICIPAL DEL CUSCO
082 _a868.9 /
_bM41
100 _aMello, Thiago de
_919674
245 _aPoesía
_cThiago de Mello
260 _aLa Habana :
_bEdiciones Casa de las Américas,
_c1980.
300 _a161 páginas ;
_c19 cm.
650 _aPoesía Brasileña
_92038
650 _aPoetas Brasileños
_917435
650 _aPoesía - Brasil - Siglo XX
_919675
650 _aThiago de Mello - Poemas
_919676
942 _2ddc
_cLIBROS
945 _alccs